Statystyki dla Najmniejsze państwa świata z kolorem szarym na fladze

Kliknij tutaj aby rozwiązać quiz!

Ogólne statystyki

  • Ten quiz został rozwiązany 5 razy
  • Średni wynik to 2 z 9

Statystyki odpowiedzi

PowierzchniaOdpowiedź% Poprawnych
0,44Watykan
100%
61San Marino
75%
22966Belize
25%
108889Gwatemala
25%
283561Ekwador
0%
17364Eswatini
0%
28051Gwinea Równikowa
0%
505370Hiszpania
0%
241038Uganda
0%

Rozkład punktacji

Percentyl według liczby udzielonych odpowiedzi

Procent ludzi z każdym wynikiem

Twoja historia wyników

Nie rozwiązałeś tego quizu